| 000 | 00421nam a22001457a 4500 | ||
|---|---|---|---|
| 008 | 230405b |||||||| |||| 00| 0 eng d | ||
| 020 | _a978-81-950627-2-0 | ||
| 082 | _a158.1 | ||
| 100 | _aS.J. Scott | ||
| 245 |
_aHabit Stacking, _b127 small changes to improve your health, wealth and happiness |
||
| 260 |
_bJaico Publishing House, _c2022 |
||
| 300 |
_a273 p. _c21.5 cm |
||
| 942 | _2ddc | ||
| 999 |
_c9478 _d9479 |
||